000 00530nam a2200193Ia 4500
003 GCL
008 140319s9999 xx 000 0 ara d
040 _aGCL /
_cGCL
082 0 4 _a810.8
_bو غ
100 1 _aمصطفى محمود
245 1 0 _aالغابه /
_cمصطفى محمود
260 _a[S.N] :
_bدار النهضة العربية
300 _a156 ص
490 _aكتاب
_v0
650 0 4 _aالادب العربى
650 0 4 _aالقصص العربية
650 0 4 _aادب الرحلات
942 _2ddc
_cBK
999 _c38361
_d38361